LEADER 01155nam0 2200301 450 001 000021966 005 20080908140948.0 010 $a88-7062-904-X 100 $a20080721d1995----km-y0itaa50------ba 101 0 $aita 102 $aIT 200 1 $a<> guerriero di Agrigento$euna probabile scultura frontonale del Museo di Agrigento e alcune questioni di Archeologia "siceliota"$fMarcello Barbanera 210 $aRoma$cL'Erma di Bretschneider$dc1995 215 $a101 p., 21 p. di tav.$cill.$d25 cm 225 2 $aStudia archaeologica$v77 410 1$12001$aStudia archaeologica$v77 606 1 $aScultura greca 676 $a733.3$v(21. ed.)$9Scultura greca (Scultura ellenica) 700 1$aBarbanera,$bMarcello$086063 801 0$aIT$bUniversità della Basilicata - B.I.A.$gRICA$2unimarc 912 $a000021966 996 $aGuerriero di Agrigento$988148 997 $aUNIBAS BAS $aLETTERE CAT $aSTD052$b01$c20080721$lBAS01$h1054 CAT $aATR$b01$c20080908$lBAS01$h1409 FMT Z30 -1$lBAS01$LBAS01$mBOOK$1BASA4$APolo di Matera$2GEN$BCollezione generale$3MSR-L V-10$679492$5L79492$820080721$f02$FPrestabile Generale LEADER 01168nam 2200361 n 450 001 996394330803316 005 20200824121833.0 035 $a(CKB)4940000000120640 035 $a(EEBO)2240955962 035 $a(UnM)99833751e 035 $a(UnM)99833751 035 $a(EXLCZ)994940000000120640 100 $a19960208d1670 uy | 101 0 $agre 135 $aurbn||||a|bb| 200 00$aIsocratis orationes tres$b[electronic resource] $e1. Ad Demonicum. 2. Ad Nicoclem. 3. Nicoclis. Item, Plutarchi Chæronensis De liberis educandis libellus 210 $aLondini $ctypis Johannis Macock, pro Societate Stationariorum$d1670 215 $a[2], 58, [2] p 300 $aText in Greek. 300 $a"De liberis educandis" is not in fact by Plutarch. 300 $aReproduction of the original in the Bodleian Library. 330 $aeebo-0014 606 $aEducation$vEarly works to 1800 615 0$aEducation 700 $aIsocrates$0186464 702 $aPlutarch 801 0$bCu-RivES 801 1$bCu-RivES 801 2$bWaOLN 906 $aBOOK 912 $a996394330803316 996 $aIsocratis orationes tres$92345870 997 $aUNISA